|
|
|
|
| LEADER |
00000cam a2200000 a 4500 |
| 001 |
UCC9372 |
| 003 |
CL-VaPUC |
| 008 |
190927e20100000cl |||||||||||||||||spa|d |
| 020 |
|
|
|a 9789563325461
|
| 082 |
0 |
4 |
|a 628.1
|b COR
|2 21
|
| 100 |
0 |
|
|a Cortés Nodarse, Isel Gertrudis
|e author
|9 604412
|
| 700 |
0 |
|
|a Montalvo Martínez, Silvio Jacinto
|e author
|9 604413
|
| 245 |
1 |
0 |
|a Aguas: calidad y contaminación. Un enfoque químico-ambiental
|
| 250 |
|
|
|a 1a. ed
|
| 300 |
|
|
|a 328 p
|
| 942 |
|
|
|c BK
|
| 945 |
|
|
|d 20190927 15:31:00
|a dcastane
|
| 260 |
|
|
|a Santiago
|b CENMA
|c 2010
|
| 650 |
|
0 |
|a Abastecimiento de agua
|9 260374
|
| 650 |
|
0 |
|a Agua potable
|9 260375
|
| 650 |
|
0 |
|a Tratamiento de aguas
|9 262792
|
| 583 |
|
|
|a last modification
|c 20190927 15:31:00
|k Rodrigo Vera
|
| 999 |
|
|
|c 375558
|d 375556
|
| 952 |
|
|
|0 0
|1 0
|3 erb
|4 0
|6 628_100000000000000_COR_2010
|7 0
|8 A
|9 494558
|a BIBING
|b BIBING
|i 5602319
|l 2
|o 628.1 COR 2010
|p 5602319
|r 2025-01-20
|s 2023-03-15
|w 2019-11-24
|y BK
|z Catalogado en:20190927
|k EIQ
|
| 952 |
|
|
|0 0
|1 0
|3 erb
|4 0
|6 628_100000000000000_COR_2010
|7 0
|8 A
|9 494559
|a BIBING
|b BIBING
|i 5602327
|l 1
|o 628.1 COR 2010
|p 5602327
|r 2025-01-20
|s 2022-05-03
|w 2019-11-24
|y BK
|z Catalogado en:20190927
|k EIQ
|
| 952 |
|
|
|0 0
|1 0
|3 erb
|4 0
|6 628_100000000000000_COR_2010
|7 0
|8 A
|9 494560
|a BIBING
|b BIBING
|i 5602300
|l 1
|o 628.1 COR 2010
|p 5602300
|r 2025-01-20
|s 2022-05-18
|w 2019-11-24
|y BK
|z Catalogado en:20190927
|k EIQ
|
| 952 |
|
|
|0 0
|1 0
|3 erb
|4 0
|6 628_100000000000000_COR_2010
|7 0
|8 A
|9 494561
|a BIBING
|b BIBING
|i 5602297
|o 628.1 COR 2010
|p 5602297
|r 2025-01-20
|w 2019-11-24
|y BK
|z Catalogado en:20190927
|k EIQ
|
| 952 |
|
|
|0 0
|1 0
|3 erb
|4 0
|6 628_100000000000000_COR_2010
|7 0
|8 A
|9 494562
|a BIBING
|b BIBING
|i 5602289
|l 1
|o 628.1 COR 2010
|p 5602289
|r 2025-01-20
|s 2022-04-22
|w 2019-11-24
|y BK
|z Catalogado en:20190927
|k EIQ
|